000 00682nam a2200193 i 4500
001 78087
003 ES-MaACL
005 20230906173533.0
007 t|
008 041011s1972 sp ||||1| spa d
080 _a61(023)
245 0 3 _aEl libro de la salud /
_c[dirección, Joseph Handler].
260 _aBarcelona :
_bZeus,
_c[1972]
300 _a3 v. :
_bil. ;
_c27 cm.
505 8 _aContiene: I. El lugar del hombre en el universo. Los materiales de la vida. -- II. El sistema endocrino. Los órganos genitales. -- IV. El crecimiento
650 0 4 _aMedicina-
_vObras de divulgación.
_914913
700 1 _aHandler, Joseph.
_961718
852 _aES-MaACL
_jC-47724-26
_bR.84981
999 _c78087
_d78087